000 00800nam a22001817a 4500
999 _c63778
_d63778
003 Ge_BSU
005 20260112210956.0
008 260112s1962 ge ||||| |||| 00| 0 geo d
041 _ageo
080 _a330.342.152 ნ-24
100 _aნანიტაშვილი, ბორის
_926653
245 _aკომუნისტური წარმოების წესის შესახებ /
_cბორის ნანიტაშვილი.
264 _aთბილისი :
_bსაბჭ. საქართველო,
_c1962.
300 _a216 გვ. ;
_b 21 სმ.
504 _aბიბლიოგრ. შენიშვნებში.
653 _aკომუნისტური წარმოების წესი.
942 _2udc
_cᲬᲘᲒᲜᲘ